| 000 | 00431cam a2200181ua 4500 | ||
|---|---|---|---|
| 020 | _cRs 2.00 | ||
| 041 |
_ahin _h |
||
| 082 |
_a891.54 _bSOH/YU |
||
| 100 | _aSohanlal, Divedi . | ||
| 245 |
_aYugadar / _cSohanlal Divedi. _hTextual Documents |
||
| 250 |
_a4 / _b. |
||
| 260 |
_aAllahabad : _bIndian Press Ltd , _c1951. |
||
| 300 | _a129 ; . | ||
| 365 | _aRs 2.00 | ||
| 504 | _a | ||
| 942 | _cBK | ||
| 999 |
_c3653 _d3653 |
||